000 00572nam a22001697a 4500
005 20231110070950.0
008 231110b |||||||| |||| 00| 0 eng d
020 _a070210731 ; 0702107328
041 _aEnglish
082 _a346.1 SKA
100 _aSkapinker, J and Barling, NM
_lEnglish
245 _aThe South African Law of Persons Through the Cases /
_cJ Skapinker and NM Barling
260 _aCape Town :
_bJuta and Company Ltd,
_c1978
300 _bxxvi, 408 pages ;
_c26 cm.
650 _aLegal practice
_bLaw
942 _cBK
_6ALISON_BN_VRIES
999 _c509
_d509